[Event "62.HEM 2008, Gruppe C"]
[Site "Hanau"]
[Date "2008.03.23"]
[Round "7.1"]
[White "Schnegelsberg, Karl-Heinz"]
[Black "Eg, Karlheinz"]
[Result "0-1"]
[WhiteElo "2044"]
[BlackElo "2090"]
[PlyCount "74"]
[EventDate "2008.??.??"]

1. Nf3 Nf6 2. g3 d5 3. Bg2 c5 4. O-O Nc6 5. d3 Bg4 6. Nbd2 e6 7. h3 Bh5 8. c3
Be7 9. e4 dxe4 10. dxe4 O-O 11. Qc2 Qc7 12. Nc4 b5 13. Bf4 e5 14. Ncxe5 Bd6 15.
g4 Nxe5 16. Nxe5 Bxe5 17. Bxe5 Qxe5 18. f4 Qc7 19. e5 Nxg4 20. hxg4 Bxg4 21.
Bxa8 Rxa8 22. Qg2 Qc8 23. f5 h5 24. Qe4 c4 25. Rf2 Rb8 26. Re1 Rb6 27. Ref1 Qe8
28. f6 Bh3 29. Re1 Re6 30. Qe3 Bg4 31. Qg5 Qf8 32. Rd2 g6 33. Rd5 a6 34. Rd6
Rxd6 35. exd6 Qxd6 36. Re8+ Kh7 37. Qh6+ Kxh6 0-1

[Event "62.HEM 2008, Gruppe C"]
[Site "Hanau"]
[Date "2008.03.23"]
[Round "7.2"]
[White "Will, Jens"]
[Black "Rack, Matthias"]
[Result "1/2-1/2"]
[WhiteElo "1964"]
[BlackElo "2051"]
[PlyCount "23"]
[EventDate "2008.??.??"]

1. Nf3 Nf6 2. g3 d5 3. Bg2 Bg4 4. O-O Nbd7 5. d3 e5 6. Nbd2 c6 7. e4 Bd6 8. c3
O-O 9. h3 Bh5 10. Qc2 Re8 11. Nh4 Bg6 12. Nxg6 1/2-1/2

[Event "62.HEM 2008, Gruppe C"]
[Site "Hanau"]
[Date "2008.03.23"]
[Round "7.3"]
[White "Scholz, Uwe"]
[Black "Hoehne, Volkmar"]
[Result "0-1"]
[WhiteElo "2072"]
[BlackElo "1917"]
[PlyCount "90"]
[EventDate "2008.??.??"]

1. c4 e5 2. Nc3 Nc6 3. g3 g6 4. Bg2 Bg7 5. e3 d6 6. Nge2 Be6 7. b3 Qd7 8. h3 f5
9. d4 Bf7 10. d5 Nce7 11. e4 Nf6 12. h4 Neg8 13. Bh3 Nh6 14. Bg5 Qe7 15. Qd3
O-O 16. Qd2 Nhg4 17. f3 h6 18. fxg4 hxg5 19. hxg5 Nxe4 20. Nxe4 fxe4 21. Qe3 c6
22. Nc3 cxd5 23. cxd5 Rac8 24. Rc1 Qc7 25. O-O Qc5 26. Qxc5 Rxc5 27. b4 Rc4 28.
Nb5 Rxc1 29. Rxc1 Bxd5 30. Nxd6 e3 31. Re1 Rf3 32. Bf1 Rxg3+ 33. Kh2 Rxg4 34.
a3 e4 35. Nc4 Rxg5 36. Nxe3 Be5+ 37. Kh1 Be6 38. Bg2 Bf5 39. Nc4 Bg3 40. Re2
Rh5+ 41. Kg1 Rh4 42. Na5 Be5 43. Nxb7 Bd4+ 44. Kf1 Rf4+ 45. Ke1 Bc3+ 0-1

[Event "62.HEM 2008, Gruppe C"]
[Site "Hanau"]
[Date "2008.03.23"]
[Round "7.4"]
[White "Schoesser, Manfred"]
[Black "Fussnecker, Manfred"]
[Result "1/2-1/2"]
[WhiteElo "1772"]
[BlackElo "1989"]
[PlyCount "66"]
[EventDate "2008.??.??"]

1. e4 e5 2. Nf3 d6 3. Bc4 Nf6 4. Nc3 Be7 5. O-O Bg4 6. h3 Bh5 7. Be2 Bg6 8. d3
c6 9. Be3 Nbd7 10. Nh2 O-O 11. f4 exf4 12. Bxf4 Qb6+ 13. Kh1 Qxb2 14. Qd2 Nc5
15. e5 Nd5 16. Nxd5 cxd5 17. Rab1 Qa3 18. exd6 Bf6 19. Ng4 Bc3 20. Qe3 Rfe8 21.
Qf2 Rad8 22. Bf3 h5 23. Bxd5 hxg4 24. Bc1 Qa5 25. Bxf7+ Bxf7 26. Qxf7+ Kh7 27.
Rf5 Re1+ 28. Kh2 Be5+ 29. Bf4 Bxf4+ 30. Rxf4 g3+ 31. Kxg3 Ne4+ 32. dxe4 Qg5+
33. Rg4 Qe3+ 1/2-1/2

[Event "62.HEM 2008, Gruppe C"]
[Site "Hanau"]
[Date "2008.03.23"]
[Round "7.5"]
[White "Gutacker, Stephan"]
[Black "Schmitt, Carsten"]
[Result "1/2-1/2"]
[WhiteElo "1985"]
[BlackElo "1821"]
[PlyCount "33"]
[EventDate "2008.??.??"]

1. e4 c5 2. c3 d5 3. exd5 Qxd5 4. d4 Nf6 5. Nf3 Nc6 6. Be2 cxd4 7. cxd4 e6 8.
Nc3 Qd6 9. O-O Be7 10. Bg5 O-O 11. Rc1 Rd8 12. Nb5 Qb8 13. Bh4 Bd7 14. Bg3 Qc8
15. Nc7 Rb8 16. Nb5 Ra8 17. Nc7 1/2-1/2

[Event "62.HEM 2008, Gruppe C"]
[Site "Hanau"]
[Date "2008.03.23"]
[Round "7.6"]
[White "Geringer, Waldemar"]
[Black "Larem, Peter"]
[Result "1-0"]
[WhiteElo "1891"]
[BlackElo "1951"]
[PlyCount "111"]
[EventDate "2008.??.??"]

1. d4 Nf6 2. c4 c5 3. d5 b5 4. cxb5 a6 5. bxa6 Bxa6 6. Nc3 d6 7. e4 Bxf1 8.
Kxf1 g6 9. Nf3 Bg7 10. g3 O-O 11. Kg2 Nbd7 12. h3 Ra6 13. Re1 Qa8 14. Bg5 h6
15. Bd2 Nb6 16. Qc2 Rb8 17. b3 Nfd7 18. a4 Rc8 19. Ra3 Kh7 20. Na2 c4 21. b4
Rxa4 22. Rxa4 Qxa4 23. Qxa4 Nxa4 24. Rc1 Ndb6 25. Be3 c3 26. Nd4 Rc4 27. Nb5
Rxe4 28. Bxb6 Nxb6 29. Kf3 Rc4 30. Nbxc3 Rd4 31. Re1 Be5 32. Re4 Rxe4 33. Kxe4
f5+ 34. Kd3 g5 35. g4 Kg6 36. Ke2 Kf6 37. Kd3 e6 38. dxe6 Kxe6 39. Ne2 fxg4 40.
hxg4 d5 41. Nd4+ Kf6 42. Nc3 Bxd4 43. Kxd4 Ke6 44. Ne2 Kd6 45. Ng3 Ke6 46. Nf5
h5 47. Ng7+ Kf6 48. Nxh5+ Kg6 49. Kc5 Kf7 50. Kxb6 d4 51. Ng3 d3 52. Ne4 Ke6
53. Nxg5+ Kd5 54. Nf3 Ke4 55. Nd2+ Kf4 56. Kc7 1-0

[Event "62.HEM 2008, Gruppe C"]
[Site "Hanau"]
[Date "2008.03.23"]
[Round "7.7"]
[White "Froehlich-Dill, Astrid"]
[Black "Beck, Manfred"]
[Result "0-1"]
[WhiteElo "1991"]
[BlackElo "1895"]
[PlyCount "64"]
[EventDate "2008.??.??"]

1. d4 Nf6 2. c4 e5 3. d5 Bc5 4. Nc3 a5 5. Nf3 d6 6. Bg5 Nbd7 7. e3 h6 8. Bh4
Bb4 9. h3 Bxc3+ 10. bxc3 Nc5 11. Qc2 Bd7 12. Be2 Qc8 13. Bxf6 gxf6 14. Nh2 Ke7
15. e4 h5 16. f4 Qg8 17. fxe5 Qg3+ 18. Kf1 fxe5 19. Bf3 Raf8 20. Qf2 Qf4 21.
Ke2 Nxe4 22. Bxe4 Qxe4+ 23. Kd2 Rhg8 24. Nf3 Qxc4 25. Qh4+ Qxh4 26. Nxh4 b6 27.
Rhf1 f5 28. c4 f4 29. Rae1 Kf6 30. Rf2 Rg3 31. Ree2 Rfg8 32. Kc2 Bf5+ 0-1

[Event "62.HEM 2008, Gruppe C"]
[Site "Hanau"]
[Date "2008.03.23"]
[Round "7.8"]
[White "Guenzler, Richard"]
[Black "Bosse, Volkmar"]
[Result "1-0"]
[WhiteElo "1851"]
[BlackElo "1968"]
[PlyCount "69"]
[EventDate "2008.??.??"]

1. d4 d5 2. c4 Nc6 3. cxd5 Qxd5 4. e3 e5 5. Nc3 Bb4 6. Bd2 Bxc3 7. Bxc3 exd4 8.
Ne2 Nf6 9. Nxd4 O-O 10. f3 Nxd4 11. Qxd4 Be6 12. e4 Qxd4 13. Bxd4 Nd7 14. Be2
Nb6 15. b3 Rfd8 16. Rd1 Rd7 17. Kf2 Rad8 18. Be3 Rxd1 19. Rxd1 Rxd1 20. Bxd1 a5
21. Bxb6 cxb6 22. Be2 Bd7 23. a4 Be6 24. Bc4 Bd7 25. Ke3 Kf8 26. Kd4 f6 27. f4
Bc6 28. g4 h6 29. h4 g5 30. hxg5 hxg5 31. fxg5 fxg5 32. Ke5 Ke7 33. Kf5 Kd6 34.
e5+ Ke7 35. Kxg5 1-0

[Event "62.HEM 2008, Gruppe C"]
[Site "Hanau"]
[Date "2008.03.23"]
[Round "7.9"]
[White "Iwanziw, Niklas"]
[Black "Genis, Roy"]
[Result "1-0"]
[WhiteElo "1820"]
[BlackElo "1917"]
[PlyCount "135"]
[EventDate "2008.??.??"]

1. d4 d5 2. c4 c6 3. Nf3 Nf6 4. e3 e6 5. b3 Nbd7 6. Qc2 Bd6 7. Bb2 O-O 8. Nbd2
Re8 9. Be2 e5 10. e4 dxe4 11. Nxe4 Nxe4 12. Qxe4 Bb4+ 13. Nd2 Qa5 14. Qe3 e4
15. a3 Bxd2+ 16. Qxd2 Qxd2+ 17. Kxd2 f5 18. Rae1 Nf6 19. Bd1 Bd7 20. h3 Kf7 21.
f3 Re7 22. Re2 Rae8 23. Rhe1 f4 24. fxe4 Nxe4+ 25. Kc1 g5 26. Bc2 Bf5 27. a4
Ng3 28. Re5 Rxe5 29. dxe5 Bxc2 30. Kxc2 Rd8 31. e6+ Kg6 32. e7 Re8 33. Ba3 Nf5
34. Kc3 Kf6 35. Rd1 Nxe7 36. Rd6+ Ke5 37. Rd1 Nf5 38. Re1+ Ne3 39. Bc5 Kf5 40.
Bxa7 Nd5+ 41. Kd2 Rxe1 42. Kxe1 Nc3 43. Bd4 Ne4 44. Ke2 h5 45. b4 g4 46. hxg4+
hxg4 47. b5 c5 48. Bg1 Ke5 49. a5 f3+ 50. gxf3 gxf3+ 51. Ke3 Nd6 52. Bh2+ Ke6
53. Bxd6 Kxd6 54. Kxf3 Kc7 55. Kf4 Kd6 56. Kf5 Kd7 57. Ke5 Kc7 58. Kd5 b6 59.
axb6+ Kxb6 60. Kd6 Kb7 61. Kxc5 Kc7 62. b6+ Kb7 63. Kb5 Kc8 64. c5 Kb7 65. c6+
Kc8 66. Ka6 Kb8 67. b7 Kc7 68. Ka7 1-0

[Event "62.HEM 2008, Gruppe C"]
[Site "Hanau"]
[Date "2008.03.23"]
[Round "7.10"]
[White "Juhnke, Peter"]
[Black "Bankmann, Daniel"]
[Result "0-1"]
[WhiteElo "1917"]
[BlackElo "1779"]
[PlyCount "66"]
[EventDate "2008.??.??"]

1. e4 e6 2. d4 d5 3. e5 c5 4. c3 Nc6 5. Nf3 Qb6 6. Be2 Bd7 7. O-O cxd4 8. cxd4
Nge7 9. Na3 a6 10. Nc2 Nf5 11. a3 Be7 12. b4 O-O 13. g4 Nh4 14. Nxh4 Bxh4 15.
Kh1 f6 16. f4 fxe5 17. fxe5 Bf2 18. Rxf2 Rxf2 19. Be3 Rf7 20. Qe1 Ne7 21. Qh4
Bb5 22. Qe1 Raf8 23. Kg2 Ng6 24. Kg3 Nf4 25. Bd1 Nd3 26. Qd2 Nf2 27. Bxf2 Rxf2
28. Qg5 Bf1 29. Ne3 Qxd4 30. Rc1 Qd2 31. Rc2 Rg2+ 32. Kh3 Rxh2+ 33. Kg3 Rh3#
0-1

[Event "62.HEM 2008, Gruppe C"]
[Site "Hanau"]
[Date "2008.03.23"]
[Round "7.11"]
[White "Egenolf, Dirk"]
[Black "Fischer, Arthur"]
[Result "1-0"]
[WhiteElo "1799"]
[BlackElo "2013"]
[PlyCount "41"]
[EventDate "2008.??.??"]

1. Nf3 d5 2. g3 Nf6 3. Bg2 c5 4. O-O Nc6 5. d3 e5 6. Nbd2 Be7 7. e4 O-O 8. Re1
dxe4 9. dxe4 h6 10. c3 Be6 11. Qe2 Qd7 12. Nc4 Bg4 13. Ncxe5 Nxe5 14. Nxe5 Bxe2
15. Nxd7 Nxd7 16. Rxe2 Rad8 17. f4 Nf6 18. Kf1 Rd1+ 19. Re1 Rd3 20. e5 Ng4 21.
Be4 1-0

[Event "62.HEM 2008, Gruppe C"]
[Site "Hanau"]
[Date "2008.03.23"]
[Round "7.12"]
[White "Radtke, Thoralf"]
[Black "Overbeck, Christopher"]
[Result "1/2-1/2"]
[WhiteElo "2005"]
[BlackElo "1816"]
[PlyCount "28"]
[EventDate "2008.??.??"]

1. f4 Nf6 2. Nf3 g6 3. e3 Bg7 4. d4 d6 5. Bd3 O-O 6. O-O Nbd7 7. b3 e5 8. fxe5
dxe5 9. Bc4 e4 10. Nfd2 Nb6 11. Ba3 Nxc4 12. Nxc4 Re8 13. Qe1 Bf5 14. Nc3 Nd5
1/2-1/2

[Event "62.HEM 2008, Gruppe C"]
[Site "Hanau"]
[Date "2008.03.23"]
[Round "7.13"]
[White "Ostermeier, Thorsten"]
[Black "Rompel, Michael"]
[Result "0-1"]
[WhiteElo "1949"]
[BlackElo "1981"]
[PlyCount "66"]
[EventDate "2008.??.??"]

1. d4 d5 2. Nf3 e6 3. e3 Bd6 4. Nbd2 f5 5. Ne5 Nf6 6. Bd3 O-O 7. O-O Nbd7 8.
Nxd7 Bxd7 9. Qe2 Be8 10. f3 c5 11. c3 Bh5 12. Qe1 Qc7 13. g3 Rae8 14. f4 Bg4
15. Kg2 Qf7 16. Rh1 Re7 17. Nf1 Qh5 18. Nd2 Bh3+ 19. Kg1 g5 20. Be2 Qg6 21. Nf3
Ne4 22. Nxg5 Nxg5 23. fxg5 Qxg5 24. e4 Qg7 25. e5 Bc7 26. Bf4 Bb6 27. Qd2 cxd4
28. cxd4 Rc8 29. Kf2 Rec7 30. Bd1 Rc4 31. Bh6 Rxd4 32. Bxg7 Rxd2+ 33. Ke1 Rxb2
0-1

[Event "62.HEM 2008, Gruppe C"]
[Site "Hanau"]
[Date "2008.03.23"]
[Round "7.14"]
[White "Raab, Hendrik"]
[Black "Wolff, Michael"]
[Result "1/2-1/2"]
[WhiteElo "1731"]
[BlackElo "1953"]
[PlyCount "35"]
[EventDate "2008.??.??"]

1. d4 Nf6 2. Nf3 g6 3. c4 c5 4. e3 Bg7 5. Be2 O-O 6. O-O cxd4 7. Nxd4 Nc6 8.
Nc3 d6 9. Nxc6 bxc6 10. Qc2 Rb8 11. b3 Bf5 12. Bd3 Bxd3 13. Qxd3 Ne4 14. Qxe4
Bxc3 15. Rb1 c5 16. Bb2 Bxb2 17. Rxb2 Qd7 18. f4 1/2-1/2

[Event "62.HEM 2008, Gruppe C"]
[Site "Hanau"]
[Date "2008.03.23"]
[Round "7.15"]
[White "Krzesinski, Paul"]
[Black "Storkebaum, Ulrike"]
[Result "0-1"]
[WhiteElo "1829"]
[BlackElo "1951"]
[PlyCount "86"]
[EventDate "2008.??.??"]

1. e4 e5 2. Nf3 Nc6 3. Bc4 Nf6 4. d4 Nxe4 5. O-O d5 6. Re1 Be6 7. Bb5 Bg4 8.
dxe5 Bc5 9. Be3 Bxe3 10. Rxe3 O-O 11. Bxc6 bxc6 12. Nbd2 Ng5 13. c3 Rb8 14. b4
Re8 15. Qe1 Nxf3+ 16. Nxf3 Bxf3 17. Rxf3 Qg5 18. Re3 Re6 19. g3 Rbe8 20. f4 Qf5
21. Qe2 h5 22. Rf1 Rh6 23. h4 Rhe6 24. Kg2 Rd8 25. Rd1 Ra8 26. Rd2 Ree8 27. Qa6
Qe6 28. a4 g6 29. a5 Reb8 30. Qd3 Rb5 31. Re1 a6 32. Qd4 Rbb8 33. Rb1 Rb5 34.
Rc2 Qf5 35. Rbb2 Qe6 36. c4 dxc4 37. Rxc4 Rd5 38. Qc3 Rad8 39. Rxc6 Qg4 40.
Rxc7 Rd3 41. Qe1 Qf3+ 42. Kh2 Rd1 43. Rc3 Qb7 0-1

[Event "62.HEM 2008, Gruppe C"]
[Site "Hanau"]
[Date "2008.03.23"]
[Round "7.16"]
[White "Gertz, Berthold"]
[Black "Ewin, Hans-Peter"]
[Result "1-0"]
[WhiteElo "1949"]
[BlackElo "1920"]
[PlyCount "129"]
[EventDate "2008.??.??"]

1. d4 Nf6 2. c4 g6 3. Nc3 Bg7 4. e4 d6 5. Nf3 O-O 6. Be2 Nbd7 7. O-O e5 8. dxe5
dxe5 9. Bg5 c6 10. Qd6 Re8 11. Rad1 Bf8 12. Qd2 Qc7 13. a3 Bg7 14. Qd6 Qxd6 15.
Rxd6 h6 16. Bh4 g5 17. Bg3 Nc5 18. Nd2 Be6 19. b4 Ncd7 20. h3 Bf8 21. Rd3 a5
22. c5 b6 23. cxb6 axb4 24. axb4 Reb8 25. b5 Rxb6 26. bxc6 Nc5 27. Rf3 Bg7 28.
Nc4 Bxc4 29. Bxc4 Rxc6 30. Bxe5 Ncd7 31. Bxf6 Nxf6 32. Bd5 Nxd5 33. Nxd5 Re8
34. Re3 Rc2 35. Rd1 Rc4 36. f3 f5 37. exf5 Rxe3 38. Nxe3 Bd4 39. Rd3 Kf7 40.
Kf1 Rc1+ 41. Ke2 Bxe3 42. Kxe3 h5 43. Rd6 Re1+ 44. Kf2 Re5 45. g4 h4 46. Rg6
Ra5 47. Rxg5 Ra2+ 48. Ke3 Ra3+ 49. Ke4 Ra4+ 50. Kd5 Ra5+ 51. Kc4 Ra4+ 52. Kb5
Rf4 53. Rh5 Rxf3 54. Rxh4 Rg3 55. Rh6 Kg7 56. Rh5 Kf6 57. Kc5 Rg1 58. Kd4 Re1
59. Rh6+ Kg5 60. Rg6+ Kh4 61. f6 Kxh3 62. Kd5 Kh4 63. f7 Rf1 64. Ke6 Re1+ 65.
Kf6 1-0

[Event "62.HEM 2008, Gruppe C"]
[Site "Hanau"]
[Date "2008.03.23"]
[Round "7.17"]
[White "Haftmann, Rainer"]
[Black "Enders, Georg"]
[Result "0-1"]
[WhiteElo "1859"]
[BlackElo "2042"]
[PlyCount "124"]
[EventDate "2008.??.??"]

1. e4 e5 2. Nf3 Nc6 3. Bb5 Bc5 4. c3 Nf6 5. d3 Qe7 6. O-O O-O 7. Qe2 a6 8. Ba4
b5 9. Bc2 d6 10. h3 h6 11. Be3 Bxe3 12. fxe3 Bd7 13. Nbd2 Rae8 14. Rae1 Qd8 15.
Qf2 Nh7 16. Qg3 g6 17. Nh4 Qg5 18. Qxg5 hxg5 19. Nhf3 g4 20. hxg4 Bxg4 21. Nh2
Bd7 22. Rf3 Kg7 23. Ref1 Nd8 24. Bb3 Re7 25. R1f2 Nb7 26. Rg3 Nf6 27. Bd1 Nc5
28. Bc2 Rh8 29. Ndf1 Be6 30. b4 Nb7 31. a3 c5 32. Bd1 cxb4 33. cxb4 Rc8 34.
Rgf3 Nh5 35. Ng3 Nxg3 36. Rxg3 Rc3 37. a4 bxa4 38. Bxa4 Rxd3 39. Rb2 Rc7 40.
Nf1 Rc1 41. Rf3 Bc4 42. Kh2 Ra3 43. Bc6 Nd8 44. Bd5 Bxf1 45. Rbf2 Bc4 46. Rf6
Bxd5 47. exd5 Rc8 48. Rxd6 Ra8 49. Re2 Kf8 50. e4 Ke7 51. Rb6 Kd7 52. Rb2 Re3
53. Ra2 Rxe4 54. b5 a5 55. Rf6 Rd4 56. b6 Rxd5 57. Rc2 Ke7 58. Rf1 Rd7 59. Re1
f6 60. Rb1 Rb7 61. Rc7+ Rxc7 62. bxc7 Nc6 0-1

[Event "62.HEM 2008, Gruppe C"]
[Site "Hanau"]
[Date "2008.03.23"]
[Round "7.18"]
[White "Rausch, Wolfgang"]
[Black "Ritscher, Georg"]
[Result "0-1"]
[WhiteElo "1800"]
[BlackElo "1993"]
[PlyCount "66"]
[EventDate "2008.??.??"]

1. c4 c6 2. Nc3 Nf6 3. Nf3 d5 4. d4 e6 5. Bg5 h6 6. Bh4 Be7 7. e3 O-O 8. Bd3
Nbd7 9. O-O dxc4 10. Bxc4 b5 11. Bb3 a6 12. e4 Bb7 13. e5 Nd5 14. Bxe7 Qxe7 15.
Ne4 Rfd8 16. Rc1 N7b6 17. Nc5 a5 18. Re1 Rac8 19. Qd3 g6 20. a3 a4 21. Ba2 Ba8
22. Qe4 Nd7 23. h4 Kg7 24. Bb1 Rh8 25. g4 Nxc5 26. Rxc5 g5 27. Kg2 Nf4+ 28. Kg3
Rcd8 29. Rh1 Rxd4 30. Nxd4 Qxc5 31. hxg5 Qxd4 32. gxh6+ Rxh6 33. Kxf4 Qxf2+ 0-1

[Event "62.HEM 2008, Gruppe C"]
[Site "Hanau"]
[Date "2008.03.23"]
[Round "7.19"]
[White "Neumann, Uwe"]
[Black "Powalla, Klaus"]
[Result "0-1"]
[WhiteElo "1716"]
[BlackElo "1931"]
[PlyCount "58"]
[EventDate "2008.??.??"]

1. d4 g6 2. Nf3 Bg7 3. c4 d6 4. Nc3 Nd7 5. Bg5 a6 6. Rc1 h6 7. Bd2 e5 8. dxe5
Nxe5 9. Nxe5 Bxe5 10. g3 Ne7 11. Bg2 c6 12. Qc2 Be6 13. b3 Bg7 14. O-O O-O 15.
e4 Qd7 16. Ne2 Rad8 17. Nf4 Kh7 18. Ba5 Rb8 19. c5 d5 20. exd5 cxd5 21. Rcd1
Bf5 22. Be4 Bxe4 23. Qxe4 d4 24. Ne2 Nc6 25. Bc3 Rfe8 26. Qd3 Rbd8 27. f4 Qe6
28. Nxd4 Bxd4+ 29. Bxd4 Nxd4 0-1

[Event "62.HEM 2008, Gruppe C"]
[Site "Hanau"]
[Date "2008.03.23"]
[Round "7.20"]
[White "Weber, Andreas"]
[Black "Smits, Oswald"]
[Result "1-0"]
[WhiteElo "1813"]
[BlackElo "1921"]
[PlyCount "123"]
[EventDate "2008.??.??"]

1. e4 c5 2. d4 cxd4 3. c3 dxc3 4. Nxc3 g6 5. Qd4 f6 6. Nf3 Nc6 7. Qd1 Nh6 8.
Bc4 Nf7 9. O-O Bg7 10. Qe2 O-O 11. Bf4 Kh8 12. Rfd1 Nfe5 13. Bb3 Nxf3+ 14. gxf3
Ne5 15. Kh1 d6 16. Rac1 Qd7 17. Rg1 Qh3 18. Rg3 Qh5 19. Nd5 Nc6 20. Be3 g5 21.
Nc7 Rb8 22. Ne6 Bxe6 23. Bxe6 Qe8 24. Rh3 Nd8 25. Bf5 h6 26. f4 e6 27. Bg4 Nf7
28. Rc7 Qa4 29. Qc4 Qxc4 30. Rxc4 gxf4 31. Bxf4 Ng5 32. Rhc3 e5 33. Be3 b5 34.
Rc7 Nxe4 35. Ra3 Ra8 36. Be6 Nc5 37. Bxc5 dxc5 38. Rxc5 a6 39. Rc7 Rfe8 40. Bf5
b4 41. Rg3 Rg8 42. Rg6 Rgd8 43. Rcxg7 Rg8 44. Rxg8+ Rxg8 45. Rxh6+ Kg7 46. Rg6+
Kf7 47. Rxg8 Kxg8 48. Kg2 Kg7 49. Kf3 Kh6 50. Ke4 Kg5 51. h3 Kh4 52. a3 bxa3
53. bxa3 a5 54. f4 exf4 55. Kxf4 Kh5 56. a4 Kh6 57. Kg4 Kg7 58. Kh5 Kg8 59. Kg6
Kh8 60. Kxf6 Kg8 61. Ke6 Kg7 62. Kd5 1-0

[Event "62.HEM 2008, Gruppe C"]
[Site "Hanau"]
[Date "2008.03.23"]
[Round "7.21"]
[White "Foerster, Rudi"]
[Black "Draxler, Gottfried"]
[Result "1/2-1/2"]
[WhiteElo "1914"]
[BlackElo "1846"]
[PlyCount "63"]
[EventDate "2008.??.??"]

1. e4 c5 2. Nf3 d6 3. c3 Nf6 4. e5 dxe5 5. Nxe5 a6 6. Bc4 e6 7. d4 Be7 8. O-O
cxd4 9. cxd4 b5 10. Bd3 Bb7 11. Bg5 Nbd7 12. f4 Nd5 13. Qh5 Nxe5 14. fxe5 g6
15. Qf3 Kd7 16. Bxe7 Qxe7 17. Qxf7 Nb4 18. Qxe7+ Kxe7 19. Rd1 Rac8 20. Nc3 Nxd3
21. Rxd3 b4 22. Na4 Rc2 23. Rg3 Rf8 24. Nc5 Bc8 25. Nd3 a5 26. Rc1 Rxc1+ 27.
Nxc1 Ba6 28. Nd3 a4 29. h4 Bxd3 30. Rxd3 Rf4 31. g3 Rf8 32. Rd2 1/2-1/2

[Event "62.HEM 2008, Gruppe C"]
[Site "Hanau"]
[Date "2008.03.23"]
[Round "7.22"]
[White "Wiest, Kurt"]
[Black "Meier, Lars"]
[Result "1/2-1/2"]
[WhiteElo "1792"]
[BlackElo "1864"]
[PlyCount "156"]
[EventDate "2008.??.??"]

1. d4 c5 2. c3 cxd4 3. cxd4 d5 4. Nf3 Nf6 5. Nc3 Nc6 6. Bf4 e6 7. e3 Bd6 8. Bg3
Bxg3 9. hxg3 Qb6 10. Bb5 a6 11. Bxc6+ bxc6 12. Qd2 Rb8 13. b3 Bd7 14. Rc1 Qb4
15. Ne5 Ke7 16. f3 Rhc8 17. Na4 Qxd2+ 18. Kxd2 h6 19. Nc5 Rb6 20. Rc2 Be8 21.
Rhc1 Kd6 22. Na4 Rbb8 23. Rc5 Rb7 24. Ra5 Ra8 25. Nc5 Rb6 26. Kc3 Nd7 27. Ncxd7
Bxd7 28. Nxf7+ Kc7 29. Ne5 Rb5 30. Ra4 Rb6 31. Rb4 Rxb4 32. Kxb4 a5+ 33. Ka3
Be8 34. Rc5 Kb6 35. Ka4 Ra7 36. Nd3 g5 37. Ka3 Re7 38. Rc1 Bg6 39. Ne5 Be8 40.
g4 Rh7 41. Rh1 Rh8 42. g3 c5 43. dxc5+ Kxc5 44. Rc1+ Kd6 45. f4 h5 46. Rc8 gxf4
47. exf4 hxg4 48. Nf7+ Kd7 49. Ra8 Rh3 50. Ne5+ Ke7 51. Ra7+ Kd6 52. Nxg4 Rxg3
53. Nf6 Bc6 54. Rxa5 Rf3 55. Nh5 Rh3 56. Ng7 Rg3 57. Ra7 Rf3 58. Ra6 Rxf4 59.
Nxe6 Kxe6 60. Rxc6+ Ke5 61. Kb2 Rf2+ 62. Rc2 Rf6 63. a4 d4 64. Rc8 Rf2+ 65. Kc1
Rf3 66. b4 Rb3 67. b5 Kd5 68. Kd2 Rb4 69. Ra8 Kc4 70. Rc8+ Kb3 71. a5 Rxb5 72.
a6 Ra5 73. Ra8 Ka3 74. Kd3 Ra4 75. Kc2 Ka2 76. a7 Ka3 77. Kb1 Rb4+ 78. Ka1 Ra4
1/2-1/2

[Event "62.HEM 2008, Gruppe C"]
[Site "Hanau"]
[Date "2008.03.23"]
[Round "7.24"]
[White "Reichel, Rolf"]
[Black "Zimmerer, David"]
[Result "1/2-1/2"]
[WhiteElo "1748"]
[BlackElo "1808"]
[PlyCount "204"]
[EventDate "2008.??.??"]

1. e4 c5 2. c3 Nf6 3. e5 Nd5 4. Nf3 e6 5. c4 Nb6 6. Nc3 Nc6 7. Be2 d5 8. exd6
Bxd6 9. O-O O-O 10. b3 Be7 11. Ne4 Nd7 12. d4 cxd4 13. Nxd4 Nxd4 14. Qxd4 f5
15. Bb2 e5 16. Qd5+ Kh8 17. Nd6 Bxd6 18. Qxd6 b6 19. Rad1 e4 20. Rd2 Rb8 21.
Rfd1 Rb7 22. Qg3 Qe7 23. Rd5 Nf6 24. Rd6 Ne8 25. R6d5 Qf7 26. Ba3 Rg8 27. Qf4
Nf6 28. Rd8 Rd7 29. Rxg8+ Kxg8 30. Rxd7 Qxd7 31. Qe3 Bb7 32. Qc3 Kf7 33. h3 Bc6
34. c5 Qd8 35. cxb6 Qxb6 36. Bc5 Qb7 37. Qd4 a6 38. Qe5 Bb5 39. Bxb5 axb5 40.
Qxf5 Qa8 41. a3 Qd8 42. Bb4 Qd1+ 43. Kh2 Qxb3 44. Qxb5 Qc2 45. Qc5 Qa2 46. Qf8+
Kg6 47. Qc5 Kf7 48. g4 h6 49. Bc3 Qc2 50. Qa7+ Kg6 51. Bxf6 Kxf6 52. a4 e3 53.
Qxe3 Qxa4 54. Kg3 Qc6 55. f4 Qd6 56. h4 g5 57. Qc3+ Kg6 58. Qc2+ Kg7 59. Qc3+
Kg6 60. h5+ Kf7 61. Qb3+ Kf6 62. Qb2+ Kf7 63. Qb7+ Kf6 64. Qe4 Qa3+ 65. Kf2
Qb2+ 66. Kg3 Qc3+ 67. Qf3 Qe1+ 68. Kh3 gxf4 69. Qxf4+ Kg7 70. Qd4+ Kf7 71. Qd7+
Kf8 72. Qd6+ Kf7 73. Qg6+ Ke7 74. Qxh6 Qf1+ 75. Kh4 Qh1+ 76. Kg5 Qd5+ 77. Kg6
Qf7+ 78. Kg5 Qd5+ 79. Kh4 Qh1+ 80. Kg3 Qg1+ 81. Kf3 Qf1+ 82. Ke4 Qg2+ 83. Ke5
Qe2+ 84. Kd5 Qb5+ 85. Kd4 Qb2+ 86. Kc5 Qc3+ 87. Kb6 Qd4+ 88. Ka6 Qa4+ 89. Kb7
Qd7+ 90. Kb6 Qd4+ 91. Kb5 Qd5+ 92. Kb4 Qd4+ 93. Kb3 Qd3+ 94. Kb2 Qd4+ 95. Kc2
Qe4+ 96. Kd2 Qd4+ 97. Ke2 Qxg4+ 98. Kd3 Qd1+ 99. Ke4 Qc2+ 100. Ke5 Qc5+ 101.
Ke4 Qc2+ 102. Kf3 Qd1+ 1/2-1/2